Pick that car slogan Quiz Stats

Quiz not verified by Sporcle

Challenge
Share
Tweet
Embed
Score 0/49 Timer 05:00
0 Plays Today
% Correct
Mazda
47.4%
Chevrolet
31.6%
Volkswagen
31.6%
Jeep
31.6%
Ford
26.3%
GMC Trucks
26.3%
Oldsmobile
26.3%
Kia
26.3%
Seat
26.3%
BMW
21.1%
Volvo
21.1%
Honda
15.8%
Mercedez-Benz
15.8%
Plymouth
15.8%
Isuzu
15.8%
Buick
15.8%
Plymouth
15.8%
Land Rover
15.8%
Acura
10.5%
Chrysler
10.5%
Porsche
10.5%
Jaguar
10.5%
Nissan
10.5%
Saturn
10.5%
Infiniti
10.5%
% Correct
Ford Trucks
10.5%
Cadillac
10.5%
Lincoln
10.5%
Pontiac
10.5%
Suzuki
10.5%
Mitsubishi
10.5%
Hummer
10.5%
Hyundai
10.5%
Dodge
10.5%
Skoda
10.5%
FIAT
10.5%
Rover
10.5%
Smart - DaimlerChrysler
10.5%
Audi
5.3%
Toyota
5.3%
Lexus
5.3%
Mercury
5.3%
Subaru
5.3%
Saab
5.3%
Fiat Strada
5.3%
Alfa Romeo
5.3%
Peugeot
5.3%
Holden
5.3%
Citroen
5.3%

You're not logged in!

Compare scores with friends on all Sporcle quizzes.
Join for Free
OR
Log In

You Might Also Like...

Show Comments

Extras

Created Apr 19, 2016ReportNominate
Tags:Clickable Quiz, car

Top Quizzes Today


Score Distribution

Your Account Isn't Verified!

In order to create a playlist on Sporcle, you need to verify the email address you used during registration. Go to your Sporcle Settings to finish the process.

Report this User

Report this user for behavior that violates our Community Guidelines.

Details: